Manažment inovácií a jeho vplyv na zamestnancov podniku

Hlavnou hnacou silou inovácií je HR a preto, aby sa stala inovácia úspešnou, potrebujú manažéri podporovať, plánovať a rozvíjať inovačnú kultúru. Na základe týchto aspektov sa príspevok zameriava na skúmanie vplyvu častosti a charakteru zmien na zamestnancov podnikov a v konečnom dôsledku aj skutočn...

Descripción completa

Guardado en:
Detalles Bibliográficos
Autor principal: Gajdošíková, Katarína
Formato: Capítulo de libro
Lenguaje:eslovaco
Materias:
Etiquetas: Agregar Etiqueta
Sin Etiquetas, Sea el primero en etiquetar este registro!

MARC

LEADER 00000nla a2200000 4500
001 0207742
005 20240502083519.6
041 0 |a slo 
044 |a CZ 
245 1 0 |a Manažment inovácií a jeho vplyv na zamestnancov podniku  |c Katarína Gajdošíková 
520 |a Hlavnou hnacou silou inovácií je HR a preto, aby sa stala inovácia úspešnou, potrebujú manažéri podporovať, plánovať a rozvíjať inovačnú kultúru. Na základe týchto aspektov sa príspevok zameriava na skúmanie vplyvu častosti a charakteru zmien na zamestnancov podnikov a v konečnom dôsledku aj skutočnú výkonnosť organizácie. 
610 2 0 |a zdroje ľudské 
610 2 0 |a riadenie ľudských zdrojov 
610 2 0 |a inovácia 
610 2 0 |a zamestnanci 
610 2 0 |a konkurencia 
100 1 |a Gajdošíková, Katarína